000 00509nam a2200181Ia 4500
005 20250326125537.0
008 250326s9999 xx 000 0 und d
037 _aTextbook
040 _aFMSL
_beng
_cFMSL
041 _aeng
_2eng
084 _aT(X:8) K5.1
_qFMSL
100 _aLife A
_9739269
245 0 _aBusiness exercises: some developments
_cLife A; Pugh D
260 _aLondon
_bLondon, Basil Blackwell
_c1965
300 _a44p
942 _cTB
_hT(X:8) K5.1
999 _c1278506
_d1278506